000 00964nam a22002057a 4500
999 _c60723
_d60723
005 20231013162617.0
008 231013s2003 ru ||||| |||| 00| 0 rus d
020 _a5862181989
041 _arus
080 _a94(37) K-86
100 _aКсенофонт
_920074
245 _aАнабасис :
_bГреческая история /
_cКсенофонт, [Пер. С.Я. Лурье, М.И. Максимовой, С.И. Соболевского].
264 _aМ. :
_bООО "Изд-во АСТ":"Ладомир",
_c2003.
300 _a641c. ;
_b21см.
440 _aКлассическая мысль
_920075
653 _aძველი საბერძნეთის ისტორია
653 _aძველი ბერძნული ისტორიოგრაფია
653 _aძველი საბერძნეთის ისტორიის ისტორიული წყაროები.
942 _2udc
_cBK